| 000 | 00670cam a2200217 4500 | ||
|---|---|---|---|
| 999 |
_c129714 _d129714 |
||
| 001 | 2648804 | ||
| 003 | ARRUPE | ||
| 005 | 20190815120541.0 | ||
| 008 | 681122s1968 nyu b 000 0 eng | ||
| 010 | _a 68023227 | ||
| 040 |
_aDLC _cDLC _dDLC |
||
| 050 | 0 | 0 |
_aB53 _b.D3 |
| 082 | 0 | 0 | _a100 |
| 100 | 1 |
_aDanto, Arthur C., _d1924-2013. _938405 |
|
| 245 | 1 | 0 |
_aWhat philosophy is; _ba guide to the elements _c[by] Arthur C. Danto. |
| 260 |
_aNew York, _bHarper & Row _c[1968] |
||
| 300 |
_axiv, 151 p. _c21 cm. |
||
| 504 | _aBibliography: p. 150-151. | ||
| 650 | 0 |
_aPhilosophy. _947836 |
|
| 906 |
_a7 _bcbc _corignew _du _encip _f19 _gy-gencatlg |
||
| 942 |
_2lcc _cMONOGRAPH |
||